African environments and resources / (Record no. 995)
| 000 -LEADER | |
|---|---|
| fixed length control field | 00729cam a2200241 a 4500 |
| 001 - CONTROL NUMBER | |
| control field | 2421942 |
| 003 - CONTROL NUMBER IDENTIFIER | |
| control field | OSt |
| 005 - DATE AND TIME OF LATEST TRANSACTION | |
| control field | 20140116120843.0 |
| 008 - FIXED-LENGTH DATA ELEMENTS--GENERAL INFORMATION | |
| fixed length control field | 870601s1988 mauab b 001 0 eng |
| 020 ## - INTERNATIONAL STANDARD BOOK NUMBER | |
| International Standard Book Number | 9780415592932 |
| 050 00 - LIBRARY OF CONGRESS CALL NUMBER | |
| Classification number | HC800.L49 1988 |
| 100 1# - MAIN ENTRY--PERSONAL NAME | |
| Personal name | Lewis, Laurence A. |
| 245 10 - TITLE STATEMENT | |
| Title | African environments and resources / |
| Statement of responsibility, etc | L.A. Lewis and L. Berry. |
| 260 ## - PUBLICATION, DISTRIBUTION, ETC. (IMPRINT) | |
| Place of publication, distribution, etc | London : |
| Name of publisher, distributor, etc | Routledge, |
| Date of publication, distribution, etc | 1988. |
| 300 ## - PHYSICAL DESCRIPTION | |
| Extent | xii, 404 p. : |
| Other physical details | ill., maps ; |
| Dimensions | 24 cm. |
| 504 ## - BIBLIOGRAPHY, ETC. NOTE | |
| Bibliography, etc | Includes bibliography and index |
| 650 #0 - SUBJECT ADDED ENTRY--TOPICAL TERM | |
| Topical term or geographic name as entry element | Natural resources |
| Geographic subdivision | Africa. |
| 650 #0 - SUBJECT ADDED ENTRY--TOPICAL TERM | |
| Topical term or geographic name as entry element | Ecology |
| Geographic subdivision | Africa. |
| 650 #0 - SUBJECT ADDED ENTRY--TOPICAL TERM | |
| Topical term or geographic name as entry element | Natural resources |
| General subdivision | Government policy |
| Geographic subdivision | Africa. |
| 650 #0 - SUBJECT ADDED ENTRY--TOPICAL TERM | |
| Topical term or geographic name as entry element | Environmental policy |
| Geographic subdivision | Africa. |
| 700 1# - ADDED ENTRY--PERSONAL NAME | |
| Personal name | Berry, Leonard. |
| 942 ## - ADDED ENTRY ELEMENTS (KOHA) | |
| Source of classification or shelving scheme | |
| Koha item type | Book |
| Withdrawn status | Lost status | Source of classification or shelving scheme | Damaged status | Not for loan | Home library | Current library | Date acquired | Source of acquisition | Total Checkouts | Total Renewals | Full call number | Barcode | Date last seen | Date checked out | Copy number | Price effective from | Koha item type |
|---|---|---|---|---|---|---|---|---|---|---|---|---|---|---|---|---|---|
| Riara University Library | Riara University Library | 17/09/2012 | Purchase | 1 | 1 | HC800.L49 1988 | 1537/11 | 26/08/2017 | 06/07/2017 | C.1 | 17/09/2012 | Book | |||||
| Riara University Library | Riara University Library | 17/09/2012 | Purchase | 2 | 1 | HC800.L49 1988 | 1536/11 | 26/08/2017 | 06/07/2017 | C.2 | 17/09/2012 | Book | |||||
| Riara University Library | Riara University Library | 17/09/2012 | Purchase | HC800.L49 1988 | 1538/11 | 17/09/2012 | C.3 | 17/09/2012 | Book |
